00398nam a2200145 i 450000100060000000300090000600500170001500700030003200800410003510000200007624500530009626000600014930000220020985200210023189292ES-MaACL20230906180135.0t|050105s1910 fr ||||1| fre d1 aLapauze, Henry.13aLe roman d'amour de M. Ingres / cHenry Lapauze. a[S.l. : bs.n., c1910] (eEtampes : fImp. La Semenze) a336 p. ; c19 cm. aES-MaACLjF-7730